Statistiken für Errate das Land anhand des Gebäudes

Klicken Sie hier um das Quiz zu spielen!

Allgemein

  • Dieses Quiz wurde 165 mal gespielt
    (81 seit der letzten Aktualisierung)
  • Das Durchschnittsergebnis liegt bei 5 aus 8

Antwortstatistiken

Antwort% Korrekt
Deutschland
100%
Frankreich
100%
Brasilien
89%
Indien
86%
China
42%
V.A.E
38%
V.K
17%
V.S.A
3%

Verteilung der Resultate

Perzentil nach korrekt beantworteten Fragen

Anzahl Personen mit jedem Resultat

Ihre Resultats-Entwicklung

Sie haben dieses Quiz seit der letzten Aktualisierung nicht gespielt